Multi-Category Minefield Blitz VIII Quiz Stats

 Plays Quiz Updated Oct 14, 2021

Support Sporcle.
Go Orange.
Score 0/30 Timer 01:00
51 Plays Today
% Correct
???
63.7%
???
63.3%
???
62.3%
???
61.5%
???
60.3%
???
60.1%
???
59.8%
???
59.6%
???
59.1%
???
58.6%
???
58.1%
???
57.4%
???
57.1%
???
56.6%
???
56.1%
% Correct
???
54.4%
???
54.4%
???
54.3%
???
53.1%
???
52.6%
???
52.3%
???
52.1%
???
51.8%
???
50.1%
???
50.1%
???
49.4%
???
47.9%
???
47.6%
???
42.2%
???
38.3%

From the Vault

MLB Top Home Run Duos By Year

by sultanofswing

Sports 9m
Double the players, double the power.
Remove Ads.
Support Sporcle.
Get the best of Sporcle when you Go Orange. This ad-free experience offers more features, more stats, and more fun while also helping to support Sporcle. Thank you for becoming a member.

Show Comments

Extras

Top Quizzes Today


Score Distribution

Your Account Isn't Verified!

In order to create a playlist on Sporcle, you need to verify the email address you used during registration. Go to your Sporcle Settings to finish the process.

Report this User

Report this user for behavior that violates our Community Guidelines.

Details: